00339nam a2200133Ia 4500003000400000005001700004008004100021020001800062040002000080100001600100245005600116260002500172300000800197OSt20240229144644.0170524s9999 xx 000 0 und d a9781351019545 cIIMT UNIVERSITY aPunnett B J 0aInternational Perspectives on Organization Behavior aNew DelhibPHIc2006 a285